000 01011nam a2200277 a 4500
001 BRCA_6641
005 20190320205534.0
008 111011d1974----sp-a######---#000-0#spa-#
041 _aspa
044 _asp
050 4 _aDC801.V4
_b.H45 1974
100 1 _aHibbert, Christopher
_d1924-2008
_916625
245 1 0 _aVersalles
_cpor Christopher Hibbert y los editores del Departamento de Libros Newsweek ; traducción española Carlos R. de Dampierre.
260 _aEspaña
_bReader´s Digest México
_cc1974
300 _a172 p.
_bil. (algunas a color)
_c30 cm.
440 0 _aMuros testigos de la historia
_916626
500 _aIncluye cronología de la historia de Francia e índice alfabético
500 _aTraducción de: Versailles
500 _aDonación Dra. Elsa Barberena
504 _aBibliografía: p. 168
610 2 4 _aPalacio de Versalles
_zVersalles (Francia)
_916627
700 1 _aDampierre, Carlos R. de
_etr.
_916628
710 2 _aNewsweek Books.
_916629
902 _aDEB
942 _2lcc
_cB
999 _c6325
_d6325